banner-ar

امرأة فاضلة (هدية من الاديب عبدالفتاح الجمل) / (Record no. 40168)

MARC details
000 -الفاتح
حقل البيانات ثابتة الطول 00660nam a2200193Ia 4500
008 - عناصر البيانات ثابتة الطول - معلومات عامة
حقل البيانات ثابتة الطول 140319s9999 xx 000 0 ara d
040 ## - مصدر الفهرسة
وكالة الفهرسة الأصلية GCL /
وكالة النسخ GCL
082 04 - رقم تصنيف ديوى العشرى
رقم التصنيف 823.03
رقم المادة هـ ا
100 1# - المدخل الرئيسى - إسم شخصى
الإسم الشخصى هاريس , توماس ا.
245 10 - بيان العنوان
العنوان امرأة فاضلة (هدية من الاديب عبدالفتاح الجمل) /
بيان المسئوليه,etc هاريس , توماس ا.
700 1# - المدخل الاضافى - اسم شخصى
الإسم الشخصى سامى غنيم (ترجمة)
300 ## - الوصف المادى
التعداد 109 ص
490 ## - بيان السلسلة
عنوان السلسلة روايات عالمية
رقم المجلد/ التعيين التسلسلي 0
650 04 - المدخل الاضافى بالموضوع-مصطلح موضوعى
مصطلح موضوعي الادب الامريكى المترجم
650 04 - المدخل الاضافى بالموضوع-مصطلح موضوعى
مصطلح موضوعي الادب العالمى المترجم
650 04 - المدخل الاضافى بالموضوع-مصطلح موضوعى
مصطلح موضوعي القصص الامريكية
942 ## - عناصر المدخل الإضافي( كوها)
مصدر التصنيف او مخطط الترفيف Dewey Decimal Classification
Koha [default] item type كتاب
Holdings
حالة التراجع حالة الفقد حالة تلف ليس للاعارة المكان المؤقت الموقع الحالى تاريخ الاكتساب اجمالي اﻻعارات رقم الطلب الباركود تاريخ اخر مشاهدة تاريخ تفعيل السعر نوع وعاء كوها
        مكتبة القاهرة الكبرى مكتبة القاهرة الكبرى 03/26/2014   823.03\هـ ا 97571 03/26/2014 03/26/2014 كتاب

Powered By

EGPV